000 00673nam a2200193Ii 4500
003 JO-AjNU
008 230605s9999||||xx |||||||||||||| ||und||
040 _aJO-AjNU
_bara
_erda
_cJO-AjNU
041 _aara
050 1 4 _aZ665. R2
100 3 _aتاليف رالف ، ز.ج /ترجمة مصطفى الصاوي الجويني ,
_eauthor
_916892
245 0 0 _aالمكتبة ودورها في التربية
300 _a152ص
336 _atext
_btxt
_2rdacontent
337 _aunmediated
_bn
_2rdamedia
338 _avolume
_bnc
_2rdacarrier
490 0 _aمجموعة الدراسات التربوية والنفسية
650 4 _aالمكتبة-التربية
_916893
999 _aA5106
_c8674
_d8674